Schooling in capitalist America : (Record no. 4468)
[ view plain ]
| 000 -LEADER | |
|---|---|
| fixed length control field | 00861nam a22002412 4500 |
| 001 - CONTROL NUMBER | |
| control field | 0000024046 |
| 005 - DATE AND TIME OF LATEST TRANSACTION | |
| control field | 20151217145945.0 |
| 008 - FIXED-LENGTH DATA ELEMENTS--GENERAL INFORMATION | |
| fixed length control field | 130506s xx 000 0 eng d |
| 020 ## - INTERNATIONAL STANDARD BOOK NUMBER | |
| International Standard Book Number | 1608461318 : |
| 040 ## - CATALOGING SOURCE | |
| Original cataloging agency | KABU |
| Transcribing agency | KABU |
| 100 1# - MAIN ENTRY--PERSONAL NAME | |
| Personal name | Bowles, Samuel. |
| -- | 0000105490 |
| 245 10 - TITLE STATEMENT | |
| Title | Schooling in capitalist America : |
| Remainder of title | educational reform and the cotradictions of economic life / |
| Statement of responsibility, etc. | Samuel Bowles and Herbert Gintis. |
| 250 ## - EDITION STATEMENT | |
| Edition statement | 1st ed. |
| 260 ## - PUBLICATION, DISTRIBUTION, ETC. (IMPRINT) | |
| Place of publication, distribution, etc. | Chicago : |
| Name of publisher, distributor, etc. | Harmarket, |
| Date of publication, distribution, etc. | 2011. |
| 300 ## - PHYSICAL DESCRIPTION | |
| Extent | xiii, 340 p. |
| 650 #0 - SUBJECT ADDED ENTRY--TOPICAL TERM | |
| Topical term or geographic name as entry element | Education |
| General subdivision | Economic aspects |
| Geographic subdivision | United States. |
| -- | 0000183945 |
| 650 #0 - SUBJECT ADDED ENTRY--TOPICAL TERM | |
| Topical term or geographic name as entry element | Educational change |
| Geographic subdivision | United States. |
| -- | 0000153707 |
| 650 #0 - SUBJECT ADDED ENTRY--TOPICAL TERM | |
| Topical term or geographic name as entry element | Education and state. |
| Geographic subdivision | United States. |
| -- | 0000183994 |
| 700 1# - ADDED ENTRY--PERSONAL NAME | |
| Personal name | Gintis, Herbert. |
| -- | 0000105491 |
| 852 1# - LOCATION | |
| -- | p2990 KES |
| 908 ## - PUT COMMAND PARAMETER (RLIN) | |
| Put command parameter | 130506 |
| 950 ## - LOCAL HOLDINGS (RLIN) | |
| -- | 1 |
| Withdrawn status | Lost status | Source of classification or shelving scheme | Not for loan | Home library | Current library | Date acquired | Total Checkouts | Full call number | Barcode | Date last seen | Price effective from | Koha item type |
|---|---|---|---|---|---|---|---|---|---|---|---|---|
| Library of Congress Classification | Kabarak, Main Campus | Kabarak, Main Campus | 17/12/2015 | LC66 .B69 2011 c. 1 | 015144 | 17/12/2015 | 17/12/2015 | General Collection | ||||
| Library of Congress Classification | Kabarak, Main Campus | Kabarak, Main Campus | 17/12/2015 | LC66 .B69 2011 c. 2 | 015181 | 17/12/2015 | 17/12/2015 | General Collection |